Mridula Garg aur Maitreyi Pushpa ke upanyaas (Record no. 879487)

MARC details
000 -LEADER
fixed length control field 00809nam a2200265Ia 4500
003 - CONTROL NUMBER IDENTIFIER
control field OSt
005 - DATE AND TIME OF LATEST TRANSACTION
control field 20220930085742.0
008 - FIXED-LENGTH DATA ELEMENTS--GENERAL INFORMATION
fixed length control field 220926b |||||||| |||| 00| 0 hin d
037 ## - SOURCE OF ACQUISITION
Terms of availability Theses
040 ## - CATALOGING SOURCE
Original cataloging agency CRL
Transcribing agency CRL
Language of cataloging hin
041 ## - LANGUAGE CODE
Source of code hin
Language code of text/sound track or separate title hin
100 ## - MAIN ENTRY--PERSONAL NAME
Personal name Bibha Kumari
9 (RLIN) 541089
110 ## - MAIN ENTRY--CORPORATE NAME
Corporate name or jurisdiction name as entry element University of Delhi. Faculty of Arts. Department of Hindi
245 #0 - TITLE STATEMENT
Title Mridula Garg aur Maitreyi Pushpa ke upanyaas
Remainder of title Isstri vimarsh ka sandarbh
260 ## - PUBLICATION, DISTRIBUTION, ETC.
Date of publication, distribution, etc. 2010
300 ## - PHYSICAL DESCRIPTION
Extent 371p.
-- p.
Dimensions cm.
650 ## - SUBJECT ADDED ENTRY--TOPICAL TERM
Topical term or geographic name entry element HINDI LITERATURE
9 (RLIN) 23866
700 ## - ADDED ENTRY--PERSONAL NAME
Personal name Prof. Prem Singh Gu.
9 (RLIN) 541090
700 ## - ADDED ENTRY--PERSONAL NAME
Personal name University of Delhi. Faculty of Arts. Department of Hindi
942 ## - ADDED ENTRY ELEMENTS (KOHA)
Koha item type Dissertations
Source of classification or shelving scheme Colon Classification (CC)

No items available.

Copyright @ Delhi University Library System